Zvýšenie životného minima a daň z príjmov fyzických osôb

Zvýšenie životného minima k 1. júlu 2008 a jeho vplyv na zdaňovanie príjmov fyzických osôb. Zmenená suma daňového bonusu. Nezdaniteľná časť základu dane na daňovníka. Nezdaniteľná časť základu dane na manželku (manžela). Minimálna výška dane. Praktické príklady.

Na minha lista:
Detalhes bibliográficos
Autor principal: Jarinkovičová, Valéria
Formato: Capítulo de Livro
Idioma:eslovaco
Assuntos:
Tags: Adicionar Tag
Sem tags, seja o primeiro a adicionar uma tag!

MARC

LEADER 00000naa$a2200000$$$4500
001 0085712
005 20231109095425.8
041 0 |a slo 
044 |a SK 
245 1 0 |a Zvýšenie životného minima a daň z príjmov fyzických osôb  |c Valéria Jarinkovičová 
520 |a Zvýšenie životného minima k 1. júlu 2008 a jeho vplyv na zdaňovanie príjmov fyzických osôb. Zmenená suma daňového bonusu. Nezdaniteľná časť základu dane na daňovníka. Nezdaniteľná časť základu dane na manželku (manžela). Minimálna výška dane. Praktické príklady. 
610 2 0 |a dane 
610 2 0 |a zdaňovanie 
610 2 0 |a dane z príjmov 
610 2 0 |a osoby fyzické 
610 2 0 |a minimum existenčné 
610 2 0 |a základ dane 
610 2 0 |a legislatíva 
100 1 |a Jarinkovičová, Valéria